000 01193nam a2200325 i 4500
003 EG-GICUC
005 20260121101526.0
008 251220s1988 ua ||||fr|||| 000 0 ara d
017 _a1987/8979
020 _a977-04-365-2
040 _a EG-GICUC
_bara
_c EG-GICUC
_d EG-GICUC
_erda
041 _aara
082 0 4 _221
_a345.451
_bع ز . ن
092 0 4 _221
099 _aLaw1 07 345.451 ع ز . ن 1988
100 0 _aعزيزة الشريف.
_eمؤلف.
245 1 2 _a النظام التأديبي وعلاقته بالأنظمة الجزائية الأخرى /
_cدكتورة عزيزة الشريف.
264 1 _aالقاهرة :
_bدار النهضة العربية,
_c1988.
300 _a306 صفحة ؛
_c24 سم
_bإيضاحيات، صور، مثيليات ؛
336 _2rda content
_atext
337 _2rda media
_aComputer
338 _2rda carrier
_aOnline Resource
546 _aالنص باللغة العربية
650 1 4 _aالسلطات التاديبية
_2qrmak
650 1 4 _aواجبات الموظف العام
_2qrmak
651 1 _2qrmak
856 4 0 _uhttps://fll.law.cu.edu.eg/fulltext/bks/B07-01607.pdf
905 _a79
942 _2ddc
_cBK
_e21
_n0
999 _c51822
_d51822